|
|
|
|
| LEADER |
00709nab a2200193 i 4500 |
| 001 |
acta21253 |
| 005 |
20210225124235.0 |
| 008 |
161015s2003 hu o 0|| hun d |
| 022 |
|
|
|a 1785-3419
|
| 040 |
|
|
|a SZTE Egyetemi Kiadványok Repozitórium
|b hun
|
| 041 |
|
|
|a hun
|
| 100 |
1 |
|
|a Tóth Lajos
|
| 245 |
1 |
0 |
|a Termoplasztikus poliuretánt előállító keverőberendezés csapágyállapotának rezgésdiagnosztikai vizsgálata
|h [elektronikus dokumentum] /
|c Tóth Lajos
|
| 260 |
|
|
|c 2003
|
| 300 |
|
|
|a 112-117
|
| 490 |
0 |
|
|a Tudományos közlemények
|v 24
|
| 695 |
|
|
|a Mérnöki tudományok
|
| 700 |
0 |
1 |
|a Domonkos Imre
|e aut
|
| 856 |
4 |
0 |
|u http://acta.bibl.u-szeged.hu/21253/1/szef_tudkozl_024_112-117.pdf
|z Dokumentum-elérés
|